000 00497nam a2200169 a 4500
001 000032195
005 20200930063518.0
008 110713s1915 dr 000 0 spa d
040 _aDO-SdBNP
_bspa
_cBNPHU
082 _axxxx
_bD598p, 1915
245 0 0 _aDirectorio pedagogíco /
_ccorregido y aumentado José E. Mieses.
250 _a2a ed.
260 _aSanto Domingo :
_bImp. Montalvo,
_c1915.
300 _a31 p. ;
_c20 cm.
700 1 _aMieses, José E.,
_ecorr. y aum.
_958273
049 _aBNMA
999 _c31686
_d31686